00923nam a2200277 u 450000100070000000500170000700800410002403500110006504000130007604100080008908000070009710000420010424502090014626000430035530000130039865000260041165000200043765000170045765000290047465000340050365000210053765000290055870000410058750200100062852600070063879846120260506095642.0030304s2002 ||||||m| spa  a798461 ccomduadb aspa aSF10aCarvallo Flores, Jhon Mario4auteaut10aEvaluacion de la influencia de la alimentacion sobre algunos parametros quimicos del suero sanguineo y de la leche de un hato lehero en el norte de Antioquia : proyecto de investigacion modalidad pasantia aMedellín :b[sin publicador],c2002. a51 hojas aAlimentación animal aSuero sanguineo 7aLeche2embne 7aGanado de leche2agrovoc 7aEvaluación nutricional2dcs aPruebas quimicas 7aNutrición animal2lemb10aAristizabal Vallejo, Jaime4drtedrt b48c8 a48